|
|
|
|
| LEADER |
03640nam a22005535i 4500 |
| 001 |
978-3-540-31967-2 |
| 003 |
DE-He213 |
| 005 |
20151204174716.0 |
| 007 |
cr nn 008mamaa |
| 008 |
100924s2005 gw | s |||| 0|eng d |
| 020 |
|
|
|a 9783540319672
|9 978-3-540-31967-2
|
| 024 |
7 |
|
|a 10.1007/b106632
|2 doi
|
| 040 |
|
|
|d GrThAP
|
| 050 |
|
4 |
|a TK5105.5-5105.9
|
| 072 |
|
7 |
|a UKN
|2 bicssc
|
| 072 |
|
7 |
|a COM075000
|2 bisacsh
|
| 082 |
0 |
4 |
|a 004.6
|2 23
|
| 245 |
1 |
0 |
|a Systems Aspects in Organic and Pervasive Computing - ARCS 2005
|h [electronic resource] :
|b 18th International Conference on Architecture of Computing Systems, Innsbruck, Austria, March 14-17, 2005. Proceedings /
|c edited by Michael Beigl, Paul Lukowicz.
|
| 264 |
|
1 |
|a Berlin, Heidelberg :
|b Springer Berlin Heidelberg,
|c 2005.
|
| 300 |
|
|
|a X, 268 p.
|b online resource.
|
| 336 |
|
|
|a text
|b txt
|2 rdacontent
|
| 337 |
|
|
|a computer
|b c
|2 rdamedia
|
| 338 |
|
|
|a online resource
|b cr
|2 rdacarrier
|
| 347 |
|
|
|a text file
|b PDF
|2 rda
|
| 490 |
1 |
|
|a Lecture Notes in Computer Science,
|x 0302-9743 ;
|v 3432
|
| 505 |
0 |
|
|a Adaptation, Power Consumption and Scheduling -- Energy Management for Embedded Multithreaded Processors with Integrated EDF Scheduling -- Reducing System Level Power Consumption for Mobile and Embedded Platforms -- Implementing Control Algorithms Within a Multithreaded Java Microcontroller -- Adaptivity for Quality and Timeliness Flexible Real-Time Systems -- Adaptation and Agents -- Apricot Agent Platform for User-Friendly Mobile Service Development -- Support of Reflective Mobile Agents in a Smart Office Environment -- Learning Action Sequences Through Imitation in Behavior Based Architectures -- Adaptation and Services -- Self-healing Execution of Business Processes Based on a Peer-to-Peer Service Architecture -- Runtime Adaptation of Applications Through Dynamic Recomposition of Components -- An Observer/Controller Architecture for Adaptive Reconfigurable Stacks -- Application Adaptable Systems -- The Organic Features of the AMIDAR Class of Processors -- Reusable Design of Inter-chip Communication Interfaces for Next Generation of Adaptive Computing Systems -- DESCOMP: A New Design Space Exploration Approach -- Design Space Navigation for Neighboring Power-Performance Efficient Microprocessor Configurations -- An Efficient Frequency Scaling Approach for Energy-Aware Embedded Real-Time Systems -- Pervasive Computing and Communication -- Towards Autonomic Networking Using Overlay Routing Techniques -- Context-Based Storage Management for Wearable and Portable Devices -- A File System for System Programming in Ubiquitous Computing.
|
| 650 |
|
0 |
|a Computer science.
|
| 650 |
|
0 |
|a Computer communication systems.
|
| 650 |
|
0 |
|a Architecture, Computer.
|
| 650 |
|
0 |
|a Software engineering.
|
| 650 |
|
0 |
|a Operating systems (Computers).
|
| 650 |
|
0 |
|a Information storage and retrieval.
|
| 650 |
1 |
4 |
|a Computer Science.
|
| 650 |
2 |
4 |
|a Computer Communication Networks.
|
| 650 |
2 |
4 |
|a Computer System Implementation.
|
| 650 |
2 |
4 |
|a Operating Systems.
|
| 650 |
2 |
4 |
|a Software Engineering.
|
| 650 |
2 |
4 |
|a Information Systems Applications (incl. Internet).
|
| 650 |
2 |
4 |
|a Information Storage and Retrieval.
|
| 700 |
1 |
|
|a Beigl, Michael.
|e editor.
|
| 700 |
1 |
|
|a Lukowicz, Paul.
|e editor.
|
| 710 |
2 |
|
|a SpringerLink (Online service)
|
| 773 |
0 |
|
|t Springer eBooks
|
| 776 |
0 |
8 |
|i Printed edition:
|z 9783540252733
|
| 830 |
|
0 |
|a Lecture Notes in Computer Science,
|x 0302-9743 ;
|v 3432
|
| 856 |
4 |
0 |
|u http://dx.doi.org/10.1007/b106632
|z Full Text via HEAL-Link
|
| 912 |
|
|
|a ZDB-2-SCS
|
| 912 |
|
|
|a ZDB-2-LNC
|
| 950 |
|
|
|a Computer Science (Springer-11645)
|